| 000 | 00891nam a2200253Ia 4500 | ||
|---|---|---|---|
| 005 | 20211105120611.0 | ||
| 008 | 130821s2016 mx gr spa d | ||
| 020 | _a9789700765970 (60a.Ed.) | ||
| 020 | _a9786070913457 (65a.Ed.) | ||
| 040 |
_aCo-BoUCM _bspa _cSandra Palacio (modificó) _d[Nuevo] |
||
| 041 | 0 | 0 | _aspa |
| 100 | 1 |
_aGarcía Máynez, Eduardo _989914 |
|
| 245 | 1 | 0 |
_aIntroducción al estudio del derecho _cEduardo García Máynez, prólogo Virgilio Domínguez |
| 250 | _a65a. ed. | ||
| 260 |
_aMéxico D.F. (México) _bEditorial Porrua _c2016 |
||
| 300 | _axxix, 432 páginas | ||
| 650 | 1 | 7 |
_aDerecho natural _912800 |
| 650 | 2 | 7 |
_aDerecho y ética _912843 |
| 650 | 2 | 7 |
_aFilosofía del derecho _915792 |
| 650 | 2 | 7 |
_aTeoría del derecho _925308 |
| 700 | 1 |
_aDomínguez, Virgilio _989915 |
|
| 942 |
_cLIBRO _a8 _e65 _mG17 _2DEWEY _h340.1 |
||
| 999 |
_c64098 _d64098 |
||